000 00301nam a2200133Ia 4500
008 230901s2011 xx 000 0 und d
041 _aeng
082 _a617.69
100 _aMCEWEN
245 _aTHEORETICAL BASIS FOR NURSING (IE)
260 _bLWW
_c2011
300 _a369
650 _aFUNDAMENTAL
999 _c864672
_d864672